<?xml version='1.0' encoding='UTF-8'?><?xml-stylesheet href='static/style.xsl' type='text/xsl'?><OAI-PMH xmlns="http://www.openarchives.org/OAI/2.0/" xmlns:xsi="http://www.w3.org/2001/XMLSchema-instance" xsi:schemaLocation="http://www.openarchives.org/OAI/2.0/ http://www.openarchives.org/OAI/2.0/OAI-PMH.xsd"><responseDate>2026-04-30T21:21:29Z</responseDate><request verb="GetRecord" identifier="oai:ebiltegia.mondragon.edu:20.500.11984/3894" metadataPrefix="marc">https://ebiltegia.mondragon.edu/oai/request</request><GetRecord><record><header><identifier>oai:ebiltegia.mondragon.edu:20.500.11984/3894</identifier><datestamp>2024-01-04T21:56:51Z</datestamp><setSpec>com_20.500.11984_1736</setSpec><setSpec>com_20.500.11984_1627</setSpec><setSpec>col_20.500.11984_1972</setSpec></header><metadata><record xmlns="http://www.loc.gov/MARC21/slim" xmlns:dcterms="http://purl.org/dc/terms/" xmlns:xsi="http://www.w3.org/2001/XMLSchema-instance" xmlns:doc="http://www.lyncode.com/xoai" xsi:schemaLocation="http://www.loc.gov/MARC21/slim http://www.loc.gov/standards/marcxml/schema/MARC21slim.xsd">
   <leader>00925njm 22002777a 4500</leader>
   <datafield ind2=" " ind1=" " tag="042">
      <subfield code="a">dc</subfield>
   </datafield>
   <datafield ind2=" " ind1=" " tag="720">
      <subfield code="a">Mondragon Unibertsitatea</subfield>
      <subfield code="e">author</subfield>
   </datafield>
   <datafield ind2=" " ind1=" " tag="260">
      <subfield code="c">2014-05-13</subfield>
   </datafield>
   <datafield ind2=" " ind1=" " tag="520">
      <subfield code="a">Garazi Ayesta, Jon Campo, Nerea Gil, Ibai Iregi eta Eneko Sagardoy Mondragon Unibertsitateko Ikus-entzunezko Komunikazioa graduko ikasleek izan dira Euspot 2014ko irabazle nagusiak. Batetik, Yago Mateo eta Heidi Otaduirekin batera, irabazi dute, ex aequo, lehiaketaren sari nagusia. Bestetik, eraman dute MUko ikaslei zuzendutako lanik onenaren saria. Ikusleen saria ere, MUko Ikus-entzunezko Komunikazioko ikasle batzuk irabazi dute: Olaia Iraolak, Leire Bergarak, Garazi Lazkanok eta Elena Canasek.</subfield>
   </datafield>
   <datafield ind2=" " ind1=" " tag="520">
      <subfield code="a">Los estudiantes del Grado de Comunicación Audiovisual de MU Garazi Ayesta, Jon Campo, Nerea Gil, Ibai Iregi y Eneko Sagardoy, han sido los principales ganadores del concurso Euspot 2014. Por un lado, han ganado, ex aequo, junto con Yago Mateo eta Heidi Otadui, el premio principal del concurso. Por otro lado, han sido los merecedores del premio al mejor anuncio presentado por estudiantes de Mondragon Unibertsitatea. El premio del público ha ido a parar a las manos de los también estudiantes de MU, Olaia Iraola, Leire Bergara, Garazi Lazkano y Elena Canas.</subfield>
   </datafield>
   <datafield ind1="8" ind2=" " tag="024">
      <subfield code="a">http://www.youtube.com/embed/ozoy37jW-t0</subfield>
   </datafield>
   <datafield ind1="8" ind2=" " tag="024">
      <subfield code="a">http://www.youtube.com/embed/TTx1zwJ7b0A</subfield>
   </datafield>
   <datafield ind1="8" ind2=" " tag="024">
      <subfield code="a">http://www.youtube.com/embed/oHx1pll6a-o</subfield>
   </datafield>
   <datafield ind1="8" ind2=" " tag="024">
      <subfield code="a">http://www.youtube.com/embed/bLAvJGSYLRM</subfield>
   </datafield>
   <datafield ind1="8" ind2=" " tag="024">
      <subfield code="a">https://hdl.handle.net/20.500.11984/3894</subfield>
   </datafield>
   <datafield tag="653" ind2=" " ind1=" ">
      <subfield code="a">Humanitate eta Hezkuntza Zientzien Fakultatea</subfield>
   </datafield>
   <datafield ind2="0" ind1="0" tag="245">
      <subfield code="a">MUko Ikus-entzunezko Komunikazioko bost ikaslek irabazi dute Euspot 2014 lehiaketaren sari nagusiak</subfield>
   </datafield>
   <datafield ind2="0" ind1="0" tag="245">
      <subfield code="a">Cinco estudiantes del Grado de Comunicación Audiovisual de MU, principales ganadores del concurso Euspot 2014</subfield>
   </datafield>
</record></metadata></record></GetRecord></OAI-PMH>